000 00959nam a2200157 a 4500
008 120416s1978 xx |||||||||||||| || u
050 _aS 591.55 Fan
100 _aFaniran, A
245 1 0 _aEssentials of soil study with special reference to tropical areas
260 _c1978
350 _a0.00
995 _aBINDERY (DAMAGED)
_D0.00
_e720248
_FCBU-MAIN LIBRARY (Kitwe)
_H4
_I9.99
_jS 591.55 Fan
_M2
_UDAMAGED
_y013637
_ZMain Library Open Access Collection
995 _aBINDERY (DAMAGED)
_D0.00
_e720249
_FCBU-MAIN LIBRARY (Kitwe)
_H2
_I9.99
_jS 591.55 Fan
_M4
_UDAMAGED
_y013639
_ZMain Library Open Access Collection
995 _aKAPASA MAKASA LIBRARY OPEN ACCESS
_D0.00
_e720250
_FCBU-KAPASA MAKASA LIBRARY (Chinsali)
_H1
_I9.99
_jS 591.55 Fan
_M1
_UAVAILABLE
_y013636
_ZKapasa Makasa Library Open Acess Collection
995 _aMAIN LIBRARY OPEN ACCESS
_D0.00
_e013638
_FCBU-MAIN LIBRARY (Kitwe)
_H3
_I9.99
_jS 591.55 Fan
_M3
_ULOST
_VMar 6, 2013
_y013638
_ZMain Library Open Access Collection
999 _c62855
_d62855